Estatísticas para Países por Língua Oficial

Clique aqui para jogar o quiz

Estatísticas Gerais

  • Esse quiz foi jogado 3 579 vezes
  • A pontuação média é 9 de 20

Estatísticas das Respostas

Línguas OficiaisPaís% Correto
DinamarquêsDinamarca
100%
HebraicoIsrael
75%
Holandês, Francês, AlemãoBélgica
69%
Inglês, Africâner, Zulu, outras...África do Sul
64%
Hindustâni (Hindi), InglêsÍndia
64%
Alemão, Francês, Italiano, RomanceSuíça
61%
Italiano, LatimVaticano
60%
Árabe, CurdoIraque
51%
Grego, TurcoChipre
49%
CatalãoAndorra
47%
Inglês, MaoriNova Zelândia
45%
Inglês, Malaio, Mandarim, TâmilSingapura
38%
Sesoto, InglêsLesoto
34%
Inglês, UrduPaquistão
33%
Pachto, PersaAfeganistão
31%
Tagalog, InglêsFilipinas
31%
KhmerCamboja
26%
Cingalês, TâmilSri Lanka
23%
AmáricoEtiópia
19%
Malgaxe, FrancêsMadagáscar
19%

Distribuição das Pontuações

Percentil de Números Respondidos

Porcentagem de Pessoas com Cada Pontuação

Sua Pontuação Histórica

Você não jogou esse quiz